| 000 | 01948nam a2200313 4500 | ||
|---|---|---|---|
| 001 | 164 | ||
| 003 | OSt | ||
| 005 | 20250528074013.0 | ||
| 008 | 250129b |||||||g |||| 00| 1 eng d | ||
| 020 | _a9788502082595 | ||
| 040 | _bpor | ||
| 041 |
_heng _apor |
||
| 082 |
_a813 _bC655s |
||
| 100 | 1 |
_aCoben, Harlan, _d1962- _9309 |
|
| 240 | _aThe woods | ||
| 245 |
_aSilêncio na floresta / _cCoben, Harlan ; Tradução de Elizabeth Neilson |
||
| 260 |
_aSão Paulo _bArx _c2009 |
||
| 300 | _a398 p. | ||
| 520 | _aViúvo precocemente, pai de uma garotinha de seis anos, o promotor de justiça Paul Copeland está no auge de um dos casos mais importantes de sua carreira: o processo em que dois estudantes bem-nascidos são acusados de estupro. Prestes a conseguir a condenação dos réus, Paul se vê envolvido em um misterioso assassinato que intriga não só a polícia como também o próprio promotor, que é obrigado a acertar contas com um passado que havia ficado escondido na floresta de um acampamento de verão, vinte anos antes. Naquela noite, vários dos jovens campistas se embrenharam no bosque. Os motivos que levaram cada um deles até o escuro das árvores foram diferentes, mas o desfecho intrincou seus destinos para sempre: assassinatos brutais, alguns corpos nunca encontrados, a culpa dos que sobreviveram ao camping macabro — como Paul. Harlan Coben conduz o leitor pela escuridão dos segredos que Paul, sua família e as famílias das vítimas deixaram para trás com uma história surpreendente e repleta de reviravoltas. Um suspense policial que desafia o mais atento dos leitores e prende a atenção até a última página. | ||
| 650 | 0 |
_aLiteratura Americana _984 |
|
| 650 | 0 |
_aCrime e Investigação _913 |
|
| 650 | 0 |
_aMistério _942 |
|
| 650 | 0 |
_aSuspense _910 |
|
| 650 | 0 |
_aFilme _926 |
|
| 655 | 0 |
_aRomance _923 |
|
| 655 | 0 |
_aFicção _922 |
|
| 700 |
_aElizabeth Neilson _eTradutor _9311 |
||
| 942 |
_2ddc _n0 _cBK |
||
| 999 |
_c164 _d164 |
||